30 jeux vidéo à compléter - 2021 - Statistiques

Statistiques générales
  • Ce quiz a été pris 57 fois
  • Le résultat moyen est 15 sur 30
Statistiques - réponses
Hint Réponse % Correct
It ... Two Takes
88%
Marvel's ... of the Galaxy Guardians
84%
Little ... II Nightmares
70%
Resident Evil: ... Village
70%
Subnautica: ... Zero Below
66%
Mario Party ... Superstars
64%
Monster Hunter ... Rise
62%
Super Mario 3D World + Bowser's ... Fury
60%
Halo ... Infinite
60%
...loop Death
58%
Twelve ... Minutes
56%
... Default II Bravely
54%
New Pokémon ... Snap
54%
Pokémon ... Unite
54%
... Valheim
54%
...nauts 2 Psycho
52%
...: Bridge of Spirits Kena
48%
Ratchet & Clank: ... Apart Rift
48%
... of Arise Tales
44%
Outer Wilds: ... of the Eye Echoes
42%
... Dread Metroid
42%
... Megami Tensei V Shin
42%
... 2 Chivalry
40%
The ... City Forgotten
40%
WarioWare: Get It ...! Together
38%
Death's ... Door
28%
Chicory: A ... Tale Colorful
24%
... Ash Solar
24%
Guilty Gear: ... Strive
20%
The ... Escape Artful
10%
Aucun quiz correspondant
Distribution des résultats
% des personnes avec chaque résultat
Percentile par nombre de réponses
Votre historique - résultats
Vous n’avez pas pris ce quiz